Tactical communications for the digitized battlefield (Record no. 8644)

000 -LEADER
fixed length control field 00522 a2200169 4500
020 ## - INTERNATIONAL STANDARD BOOK NUMBER
International Standard Book Number 158053323x
040 ## - CATALOGING SOURCE
Original cataloging agency DLC
Language of cataloging DLC
082 ## - DEWEY DECIMAL CLASSIFICATION NUMBER
Classification number 623.73
100 1# - MAIN ENTRY--PERSONAL NAME
Personal name Frater, R Michael.
245 10 - TITLE STATEMENT
Title Tactical communications for the digitized battlefield
Statement of responsibility, etc. Michael R. Frater & Michael J. Ryan,
260 ## - PUBLICATION, DISTRIBUTION, ETC.
Place of publication, distribution, etc. Boston, Mass :
Name of publisher, distributor, etc. Artech House,
Date of publication, distribution, etc. c2002.
300 ## - PHYSICAL DESCRIPTION
Extent 373 p. :
Other physical details ill.
650 #0 - SUBJECT ADDED ENTRY--TOPICAL TERM
Topical term or geographic name entry element Communications, Military.
650 #0 - SUBJECT ADDED ENTRY--TOPICAL TERM
Topical term or geographic name entry element Electronics in military engineering.
700 1# - ADDED ENTRY--PERSONAL NAME
Personal name Michael J. Ryan,
942 ## - ADDED ENTRY ELEMENTS (KOHA)
Koha item type Book
Call number prefix 623.73 FRA
Source of classification or shelving scheme
Holdings
Withdrawn status Lost status Damaged status Not for loan Collection code Permanent Location Current Location Shelving location Date acquired Source of acquisition Cost, normal purchase price Total Checkouts Full call number Barcode Date last seen Price effective from Koha item type
          Central Library (CL) Central Library (CL) General Stacks 07/10/2003 NIMS Photocopier 441.00   623.73 FRA SEECS003655 11/14/2012 01/05/2017 Book
          Central Library (CL) Central Library (CL) General Stacks 07/10/2003 NIMS Photocopier 441.00   623.73 FRA SEECS003656 11/14/2012 01/05/2017 Book
          Central Library (CL) Central Library (CL) General Stacks 07/04/2003 Progressive International Agencies 6532.79   623.73 FRA SEECS003613 11/14/2012 01/05/2017 Book
© 2023 Central Library, National University of Sciences and Technology. All Rights Reserved.